000 01832nam a22004457a 4500
003 CHAP
005 20220329134543.0
008 971013c19571963 r 00010 d
010 _a22110
011 _a23082
035 _a27177
040 _cCHAP
082 _a335.4
_bC6
100 0 0 _aCole, George Douglas Haward.
_924631
245 _aHistoria del pensamiento socialista
260 _aMéxico, D. F. :
_bFondo de Cultura Económica,
_c1957-1963
300 _av.
490 _aSección de obras de sociología
500 _aLa biblioteca tiene: v.1-7
505 _aContenido: v.1 Precursores. -- v.2 Marxismo y anarquismo. -- v.3-4 La segunda internacional. -- v.5-6 Comunismo y socialdemocracia. -- v.7 Socialismo y fascismo
590 _aBATCH-UPD
_b10
_c20130110
_lUCH01
_h0114
590 _aBATCH-UPD
_b10
_c20130110
_lUCH01
_h1002
590 _aBATCH-UPD
_b10
_c20130409
_lUCH01
_h2106
590 _aBATCH-UPD
_b10
_c20130914
_lUCH01
_h1001
590 _aCONVERSION
_b10
_c20130109
_lUCH01
_h1313
650 1 4 _aFascismo.
_939815
650 1 4 _aMarxismo.
_972728
650 1 4 _aSocialismo.
_9108040
830 0 _aSección de obras de sociología
_9103511
901 _aBK
942 _cLIBRO
949 _a335.4 C6
_bBC
_cLIBRO
_d33724000359121
_eLIBRO
_fv.6
_h40674
_i27177
_si
949 _a335.4 C6
_bBC
_cLIBRO
_d33724000359139
_eLIBRO
_fv.4
_h40672
_i27177
_si
949 _a335.4 C6
_bBC
_cLIBRO
_d33724000359170
_eLIBRO
_fv.3
_i27177
_si
949 _a335.4 C6
_bBC
_cLIBRO
_d33724000359188
_eLIBRO
_fv.2
_h40670
_i27177
_si
949 _a335.4 C6
_bBC
_cLIBRO
_d33724000359220
_eLIBRO
_fv.5
_h40673
_i27177
_sb
949 _a335.4 C6
_bBC
_cLIBRO
_d33724000359238
_eLIBRO
_fv.7
_h40675
_i27177
_si
949 _a335.4 C6
_bBC
_cLIBRO
_d33724000359246
_eLIBRO
_fv.1
_h40669
_i27177
_si
949 _a335.4 C6
_bBC
_cMUT
_d-62874
_eMUT
_fv.7 c.2
_h40676
_i27177
_si
999 _c22110
_d22110